000 00764nam a22001817a 4500
003 BD-DhUL
005 20180313102621.0
008 180313s1953 ii ||||| |||| 00| 0 ben d
040 _aBD-DhUL
_cBD-DhUL
082 _a891.443
_bKRB
100 1 _aচট্টোপাধ্যায়, কৃষ্ণপ্রসাদ
245 0 0 _aবাংলা সাহিত্যের কথা ও কাহিনী /
_cকৃষ্ণপ্রসাদ চট্টোপাধ্যায়
260 _aকলিকাতা :
_bবাণীপীঠ গ্রন্থালয়,
_c১৯৫৩।
300 _a১৬৪ পৃ. ;
_c১৮ সেমি.
650 4 _aবাংলা উপন্যাস
650 4 _aBengali fiction
942 _2ddc
_cBK
999 _c239162
_d239162